000 01501nam0a2200277 4500
001 RU\NLR\BIBL_A\016291199
005 20250625030113.0
010 _9600
035 _a(NLR Aleph) 016291199
090 _a13314011
_c13314011
100 _a20230216d1940 |||y0rusy50 ca
101 0 _adar
_crus
102 _aRU
105 _ay z 000 y
181 0 _ai
_baxxe
182 0 _an
200 1 _aВКП(б)-ла вецIнугехIра ибил съезд ва къиянна халкьла дагьрилизирти капитализмала гIядатуначилси дяви
_eМосква СВБ-ла активла собраниеличиб 1939 ибил дусла апрельла 25-личиб тов. Ем. Ярославскийли барибси доклад
_f[М. Магомедов ред., Х. Ибрагимов пер.]
203 _aТекст
_bвизуальный
_cнепосредственный
210 _aМахачкала
_cДагестанское государственное изд-во
_d1940
215 _a35, [1] с.
_d14
541 1 _aВосемнадцатый съезд ВКП(б) и борьба с пережитками капитализма в сознании трудящихся
_eдоклад Ем. Ярославского на собрании актива СВБ в Москве 25 апреля 1939 года
_zrus
852 _aNLR
_bОНЛ
_jДарг./1-50
852 _aNLR
_bОНЛ
_jДарг./1-50
942 _cBOOK
980 _aNB